Every NCAA Division I School in Virginia - Statistics

General Stats
  • This quiz has been taken 33 times
  • The average score is 8 of 14
Answer Stats
Answer Conference % Correct
Virginia ACC
100%
Virginia Tech ACC
100%
James Madison Sun Belt
76%
Richmond Atlantic 10
71%
Liberty C-USA
57%
VCU Atlantic 10
57%
William & Mary CAA
57%
George Mason Atlantic 10
52%
Old Dominion Sun Belt
52%
Norfolk State MEAC
48%
VMI SoCon
48%
Longwood Big South
29%
Hampton CAA
24%
Radford Big South
24%
No matching quizzes found
Score Distribution
Percent of People with Each Score
Percentile by Number Answered
Your Score History
You have not taken this quiz